000
00422nam a2200133Ia 4500
008
100328s9999 xx 000 0 und d
082
_b
10910
100
_a
जोशी श्रीपाद
245
_a
चिनारच्या छायेत
260
_b
सुविचार
630
_a
चिनारच्या छायेत
730
_a
चिनारच्या छायेत
942
_c
BOOK
999
_c
506248
_d
506245